000 00280nam a22001217a 4500
008 171006b xxu||||| |||| 00| 0 eng d
041 _aeng
080 _27th
_a159.9
100 _a49
101 _apsi
245 _aESSENTIALS OF PSYCHIATRIC NURSING
_cMERENESS,D
942 _2udc
_cBK
999 _c32279
_d32279